000 01177nam0a2200325 4500
001 RU\NLR\bibl\437864
005 20250623174127.0
010 _a5-9512-0026-1
_910000
021 _aRU
_b2003-32560
_91545
035 _a(NLR Aleph) 000431642
090 _a758090
_c758090
100 _a20030826d2003 |||y0rusy50 ca
101 0 _arus
102 _aRU
105 _ay |||||||||
200 1 _aМеждународное частное право
_eКонспект лекций
_e[Пособие для подгот. к экзаменам
_fАвт.-сост. С. Холодов]
210 _aМ.
_cПриор-издат
_d2003
215 _a144 с.
_d21
225 1 _aВ помощь студенту
320 _aБиблиогр.: с. 132
606 0 _aМеждународное частное право
_jУчебные издания для высших учебных заведений
_91113671
_3RU\NLR\AUTH\66120551
686 _aХ93я73
702 1 _aХолодов
_bС.
_4220
801 0 _aRU
_bRKP
_c20030826
_gPSBO
801 1 _aRU
_bRKP
_c20030826
801 2 _aRU
_bNLR
_c20031110
_grcr
942 _cBOOK
980 _aNB